01189nam a2200313 i 450000500170000000700030001700800410002002000180006104000350007904100130011408200210012710000350014824501430018325000270032626400450035330000390039833600270043733700330046433800280049750000510052553400520057665000500062865000400067865000440071870000380076270000450080094200150084599900150086020220317000204.0ta210809s2013 ck a br 001 0 spa d a9789583018596 aCO-BoRNBPbspacCO-BoRNBPerda1 aspaheng04a612.32bH34r22210aHill Nettleton, Pamelaeautora10aRuidos y crujidosbaprende acerca de tu estómagocPamela Hill Nettleton ; ilustrado por Becky Shipe ; traducido por Margarita Martínez aTercera reimpresión  1aBogotá bPanamericana Editorial c2013 a28 páginasbilustracionesc23 cm atextobtxt2rdacontent asin mediaciónbn2rdamedia avolumenbnc2rdacarrier aIncluye glosario e índice al final del texto tGurgles and growls, learning about your stomach17aAparato digestivo xLiteratura infantil2LEMB17aEstomagoxLiteratura infantil2LEMB17aDigestión xLiteratura infantil2LEMB1 aShipe, Becky,eilustradora9169011 aMartínez, Margaritaetraductora916912 2ddccBKINF c3347d3347